LDR 00869naa#a2200169#i#450# 001 RU\\bibl\126147 005 20260704015636.6 011 ## _a0320-3557 100 ## _a20260320b2026####ek#y0rusy0150####ca 102 ## _aRU 200 1# _aРОЛЬ МЕТИЛАМИНОВ В ПОДДЕРЖАНИИ ОСМОТИЧЕСКОГО ГОМЕОСТАЗА У КРУГЛОРОТЫХ И КОСТИСТЫХ РЫБ _eЖурнальная статья 210 1# _aБорок _cИнститут биологии внутренних вод им. И.Д. Папанина РАН _d2026 215 ## _a17 с. 608 ## _aЖурнальная статья _2local 675 ## _aPisces. Рыбы. 597 _aГалогенпроизводные и нитропроизводные аминов. 547.416 _aТеоретическая биология. 573.2 _z 700 #1 _aФилиппова _gА. Е. 856 4# _aibiw.editorum.ru _u